| 000 | 02794cam a2200505Ki 4500 | ||
|---|---|---|---|
| 001 | 10986042 | ||
| 003 | OSt | ||
| 005 | 20151119132331.0 | ||
| 006 | m o d | ||
| 007 | cr cnu---unuuu | ||
| 008 | 140804s2012 ilua ob 001 0 eng d | ||
| 020 | _a9780867155174 (electronic bk.) | ||
| 020 | _a9780867154757 | ||
| 020 | _a0867155175 (electronic bk.) | ||
| 020 | _z9780867154757 | ||
| 020 | _z0867154756 | ||
| 035 | _a(OCoLC)ocn885208898 | ||
| 035 | _a(NNC)10986042 | ||
| 040 |
_aN$T _beng _erda _epn _cN$T |
||
| 050 | 4 |
_aRK651 _b.F86 2012eb |
|
| 060 | 1 | 4 | _a2012 D-883 |
| 060 | 1 | 4 | _aWU 515 |
| 060 | 1 | 4 |
_aWU 515 _bF981 2012 |
| 072 | 7 |
_aMED _x085000 _2bisacsh |
|
| 082 | 0 | 4 |
_a617.69 _223 _bFUF |
| 245 | 0 | 0 |
_aFundamentals of fixed prosthodontics / _cHerbert T. Shillingburg Jr ; with David A. Sather ... [and others] ; illustrations by Suzan E. Stone. |
| 250 | _aFourth edition. | ||
| 300 |
_a1 online resource (x, 574 pages) : _billustrations (some color). |
||
| 504 | _aIncludes bibliographical references and index. | ||
| 505 | 0 | _aAn introduction to fixed prosthodontics -- Fundamentals of occlusion -- Articulators -- Interocclusal records -- Articulation of casts -- Treatment planning for single-tooth restorations -- Treatment planning for the replacement of missing teeth -- Fixed partial denture and implant configurations -- Principles of tooth preparations -- Preparations for full coverage crowns -- Preparations for partial coverage crowns -- Preparations for intracoronal restorations -- Preparations for severely debilitated teeth -- Preparations for periodontally weakened teeth -- Provisional restorations -- Fluid control and soft tissue management -- Impressions -- Working casts and dies -- Wax patterns -- Investing and casting -- Cementation and bonding -- Esthetic considerations -- All-ceramic restorations -- Metal-ceramic restorations -- Pontics and edentulous ridges -- Solder joints and other connectors -- Restoration of osseointegrated dental implants -- Single-tooth implant restoration -- Multiple-tooth implant restoration. | |
| 650 | 0 |
_aProsthodontics. _952069 |
|
| 650 | 1 | 2 |
_aDenture, Partial, Fixed. _951770 |
| 650 | 2 | 2 |
_aCrowns. _951768 |
| 650 | 2 | 2 |
_aDental Prosthesis Design. _952019 |
| 650 | 2 | 2 |
_aProsthodontics _xmethods. _951769 |
| 650 | 7 |
_aProsthodontics. _2fast _952069 |
|
| 650 | 7 |
_aMEDICAL / Surgery / General _2bisacsh _952064 |
|
| 655 | 4 |
_aElectronic books. _952070 |
|
| 700 | 1 |
_aShillingburg, Herbert T. _952071 |
|
| 700 | 1 |
_aSather, David A. _952072 |
|
| 776 | 0 | 8 |
_iPrint version: _tFundamentals of fixed prosthodontics. _bFourth edition _z9780867154757 _w(DLC) 2011041249 _w(OCoLC)756045606 |
| 856 | 4 | 0 |
_uhttp://www.columbia.edu/cgi-bin/cul/resolve?clio10986042 _3EBSCOhost |
| 942 |
_2ddc _cBOOK |
||
| 999 |
_c38377 _d272877 |
||